| 000 | 00363 a2200133 4500 | ||
|---|---|---|---|
| 020 | _a9788131721414 | ||
| 020 | _a9780136020608 | ||
| 082 | _a624.171 HIB | ||
| 100 | _aHibbeler, R. C. | ||
| 245 |
_aStructural analysis _cR.C. Hibbeler. |
||
| 250 | _a6th ed. | ||
| 260 |
_aNew Delhi : _bPearson/Prentice Hall, _c2009. |
||
| 300 |
_axiv, 640 p. : _bill. ; _c25 cm. |
||
| 650 | _aStructural analysis | ||
| 999 |
_c313 _d313 |
||